000 00500nam a2200157 u 4500
001 000005031
005 20240305132132.0
008 090729s2001 dr r 001 0 spa d
020 _a9993402273
040 _aDO-SdBNP
_bspa
_cBNPHU
100 1 _aMedina, Oquendo,
_d1955-
_914493
245 1 0 _aCompromiso social :
_brecopilación de artículos. /
_cOquendo Medina.
260 _aSanto Domingo :
_bCocolo,
_c2001.
300 _a189 p. ;
_c22 cm.
500 _aIncluye datos biográficos del autor en la solapa
999 _c4836
_d4836